00640nam a22002057a 450000500170000001000130001702000250003003500130005503700160006804000120008408200160009610000180011224501080013026000580023827000430029630000260033950000200036565000220038565000270040720170124110208.0 aB-225322 c00.00a9780070636415 aB-225322 bCen Lib/Ret aDPLbEN a658.47bHOW aHowson, Cindi athe complete reference business objects XI : cby Cindi Howson bCovers business objects XI release 2 / aNew DelhibTata McGraw hill publishing company c2007 a7 West patel nagar bNew Delhie110008 axxii,658p.c24cm(pbk) aIncludes index  aBusiness studies  aBusiness intelligence